000 01193cam a2200301 i 4500
001 3638127
003 AUA.1
005 20160111113333.0
008 750224s1974 enk b 001 0 eng
010 _a 75304650
015 _aGB74-29271
040 _aDLC
_cDLC
_dDLC
041 1 _aeng
_hdut
050 0 0 _aBR 85
_b.S274313 1974b
082 0 0 _a201/.1
100 1 _aSchillebeeckx, Edward,
_d1914-2009.
_96250
240 1 0 _aGeloofsverstaan.
_lEnglish
245 1 4 _aThe understanding of faith :
_binterpretation and criticism /
_cEdward Schillebeeckx ; translated [from the Dutch] by N.D. Smith.
260 _aLondon :
_bSheed & Ward,
_c1974.
300 _axiii, 170 p. ;
_c23 cm.
500 _aTranslation of Geloofsverstaan.
504 _aIncludes bibliographical references and index.
650 0 _aTheology.
_96251
650 0 _aHermeneutics
_xReligious aspects
_xChristianity.
_96252
906 _a7
_bcbc
_corignew
_d3
_encip
_f19
_gy-gencatlg
942 _2lcc
_cBOOK
_hBR 85
_i.S2743 1974b
999 _c1728
_d1728